000 00530nam a2200193Ia 4500
005 20250508161546.0
008 008 250505s9999 xx 000 0 hin d
037 _aTextual
040 _aFEDL
_beng
_cFEDL
041 _ahin
_2hin
084 _a370.1, JAI
_qFEDL
100 _aJaiswal
245 0 _aShiksha siddhant aur paryog
260 _aBanaras, India
_bNanad Kishore and Brothers
_c1954
300 _a252p.
650 _aEducation - Philosophy
942 _cTEXL
_h370.1, JAI
999 _c1370767
_d1370767